000 00876nam a2200253Ia 4500
003 GCL
008 140319s9999 xx 000 0 ara d
040 _aGCL /
_cGCL
082 0 4 _aق
_b953.082
_bع ر
100 1 _aبن عبد الظاهر، محى الدين
245 1 0 _aالروض الزاهر فى سيرة الملك الظاهر /
_cبن عبد الظاهر، محى الدين
700 1 _aعبدالعزيز الخويطر
250 _aالاولى
260 _aالرياض :
_bعبد العزيز الخويطر ،
_c1976
300 _a519 ص ؛
_c24 سم
650 0 4 _aمصر
650 0 4 _aتاريخ
650 0 4 _aالاحوال السياسية
650 0 4 _aدولة المماليك
650 0 4 _aالفتوحات الاسلامية
650 0 4 _aالتاريخ الحربى
650 0 4 _aالاثار الاسلامية
942 _2ddc
_cBK
999 _c31090
_d31090